000
00296 a2200145 4500
001
169614
020
_a
040
_c
Magnum
100
_a
Foster, Mark
240
1
0
_a
Into the pyramid
_l
ING
245
1
0
_a
Into the pyramid
362
0
_a
1899
697
_a
LITERATURA ESTRANGEIRA
942
_c
BK
999
_c
169614
_d
169614